El asno ilustrado : (Record no. 27247)

MARC details
000 -LEADER
campo de control de longitud fija 01060nam a2200229 i 4500
001 - NÚMERO DE CONTROL
campo de control 27247
003 - IDENTIFICADOR DE NÚMERO DE CONTROL
campo de control ES-MaACL
005 - FECHA Y HORA DE LA ÚLTIMA TRANSACCIÓN
campo de control 20230906153602.0
007 - CAMPO FIJO DE DESCRIPCIÓN FÍSICA--INFORMACIÓN GENERAL
campo de control de longitud fija t|
008 - DATOS DE LONGITUD FIJA--INFORMACIÓN GENERAL
campo de control de longitud fija 030114s1837 sp ||||1| spa d
080 ## - NÚMERO DE LA CLASIFICACIÓN DECIMAL UNIVERSAL
Número de la Clasificación Decimal Universal 821.134.2-17"18"
100 1# - ENTRADA PRINCIPAL--NOMBRE DE PERSONA
Nombre de persona Lozano Pérez Ramajo, Manuel.
9 (RLIN) 153285
245 13 - MENCIÓN DEL TÍTULO
Título El asno ilustrado :
Resto del título o sea apología del asno, con notas y el elogio del rebuzno por apéndice /
Mención de responsabilidad, etc. por un asnólogo aprendiz de poeta ; corregido todo, reformado e ilustrado con nuevas copiosísimas anotaciones ... por J.J. Zeper Demicasa, borriquero del asnólogo.
260 ## - PUBLICACIÓN, DISTRIBUCIÓN, ETC.
Lugar de publicación, distribución, etc. Madrid :
Nombre del editor, distribuidor, etc. [s.n.],
Fecha de publicación, distribución, etc. 1837 (
Fabricante Imp. Nacional)
300 ## - DESCRIPCIÓN FÍSICA
Extensión XXIV, 582 p., 1 lám. ;
Dimensiones 20 cm.
500 ## - NOTA GENERAL
Nota general J.J. Zeper Demicasa, seudónimo de José Joaquin Perez Necoechéa.
530 ## - NOTA DISPONIBLE DE FORMULARIO FÍSICO ADICIONAL
Nota de formato físico adicional disponible Disponible también en sitio web.
700 1# - ENTRADA AGREGADA--NOMBRE PERSONAL
Nombre de persona Zeper Demicasa, J. J.
9 (RLIN) 118194
740 0# - ENTRADA AGREGADA--TÍTULO RELACIONADO/ANALÍTICO NO CONTROLADO
Título relacionado o analítico no controlado Apología del asno.
852 ## - LOCALIZACIÓN
Ubicación ES-MaACL
Número de control de estantería G-9822
856 ## - LOCALIZACIÓN Y ACCESO ELECTRÓNICOS
Identificador Uniforme de Recursos <a href="http://bibliotecadigitalhispanica.bne.es:80/webclient/DeliveryManager?pid=3488423&custom_att_2=simple_viewer">http://bibliotecadigitalhispanica.bne.es:80/webclient/DeliveryManager?pid=3488423&custom_att_2=simple_viewer</a>
Nota pública Ir a la página
Holdings
Estatus retirado Estado de pérdida Estado de daño No para préstamo Colección Biblioteca de origen Biblioteca actual Ubicación en estantería Fecha de adquisición Fuente de adquisición Total de préstamos Signatura topográfica completa Código de barras Visto por última vez Precio de reemplazo Tipo de ítem Koha
        Colección digital Biblioteca del Ateneo de Madrid Biblioteca del Ateneo de Madrid Sala Pecera Planta 3 17/01/2008     G-9822 1028123 23/02/2023 23/02/2023 Libro impreso antiguo